000 00576nam a2200217Ia 4500
005 20221215152856.0
008 131103s9999 xx 000 0 und d
020 _a05002664 X
040 _aLoreto College
041 _aEnglish
082 _a811.54
_bPLA-AIR
100 _aAird,Eileen M.
245 _aSylvia Path
_cEileen M.Aird
260 _aEdinburgh
_bOliver & Boyd
_c1973 (1974 printing)
300 _a114 p.
440 _aThe Modern Writers Series
504 _aIncludes bibliographical references
650 _aPath,Sylvia
850 _aLCLIB
942 _cBK
999 _c11669
_d62148